Players who have won the most Champions Leagues - Statistics

General Stats
  • This quiz has been taken 393 times
  • The average score is 11 of 19
Answer Stats
Hint Answer % Correct
5 Cristiano Ronaldo
97%
4 Lionel Messi
95%
6 Luka Modrić
84%
4 Sergio Ramos
80%
6 Toni Kroos
78%
5 Karim Benzema
76%
5 Gareth Bale
71%
4 Xavi
71%
6 Dani Carvajal
68%
5 Marcelo
65%
5 Casemiro
58%
4 Gerard Piqué
50%
4 Raphaël Varane
42%
4 Isco
37%
6 Nacho
35%
4 Clarence Seedorf
28%
5 Lucas Vázquez
20%
4 David Alaba
17%
4 Mateo Kovačić
11%
No matching quizzes found
Score Distribution
Percent of People with Each Score
Percentile by Number Answered
Your Score History
You have not taken this quiz